Gaming Quiz

Random Gaming or Video Games Quiz

Dead by Daylight Killers Quiz Stats

 Plays Quiz not verified by Sporcle

Support Sporcle.
Go Orange.
Score 0/12 Timer 05:00
3 Plays Today
% Correct
The Clown
79.5%
The Pig
79.2%
The Trapper
75.2%
The Hag
74.3%
The Huntress
71.7%
The Doctor
71.7%
The Nurse
69.3%
The Cannibal
67%
The Wraith
66.4%
The Shape
64.1%
The Nightmare
62.5%
The Hillbilly
62%

You're not logged in!

Compare scores with friends on all Sporcle quizzes.
OR
Log In

From the Vault

Slang of the 60s

by JoeBeta

There was certainly no lack of character in 60s slang.
Remove Ads.
Support Sporcle.
Get the best of Sporcle when you Go Orange. This ad-free experience offers more features, more stats, and more fun while also helping to support Sporcle. Thank you for becoming a member.

Show Comments

Extras

Top Quizzes Today


Score Distribution

Your Account Isn't Verified!

In order to create a playlist on Sporcle, you need to verify the email address you used during registration. Go to your Sporcle Settings to finish the process.

Report this User

Report this user for behavior that violates our Community Guidelines.

Details: